Vojenské dějiny Československa 1918-1939

Na minha lista:
Detalhes bibliográficos
Formato: Livro
Idioma:tcheco
Publicado em: Praha Naše vojsko 1987
Edição:1. vyd.
Tags: Adicionar Tag
Sem tags, seja o primeiro a adicionar uma tag!

MARC

LEADER 00000nam a2200000 4500
001 c024009
005 20221206140443.3
041 0 |a cze 
044 |a CZ 
245 1 0 |a Vojenské dějiny Československa  |b 1918-1939 
250 |a 1. vyd. 
264 1 |a Praha  |b Naše vojsko  |c 1987 
300 |a 583 s.